Discounted cash flow: accounting for uncertainty (Record no. 74812)
[ view plain ]
| 000 -LEADER | |
|---|---|
| fixed length control field | 01394cab a2200205 4500 |
| 001 - CONTROL NUMBER | |
| control field | ABS68784 |
| 008 - FIXED-LENGTH DATA ELEMENTS--GENERAL INFORMATION | |
| fixed length control field | 050218n2005 000 0 eng u |
| 035 ## - SYSTEM CONTROL NUMBER | |
| System control number | (Sirsi) u128844 |
| 100 ## - MAIN ENTRY--PERSONAL NAME | |
| Personal name | French, N. |
| 245 ## - TITLE STATEMENT | |
| Title | Discounted cash flow: accounting for uncertainty |
| 260 ## - PUBLICATION, DISTRIBUTION, ETC. | |
| Date of publication, distribution, etc. | 2005 |
| 490 ## - SERIES STATEMENT | |
| Series statement | Journal of Property Investment and Finance |
| Volume/sequential designation | 23(1) 2005, 76-89(13) |
| 520 ## - SUMMARY, ETC. | |
| Summary, etc. | Valuation is the process of estimating price. Information from the various methods employed is used in the Discounted Cash Flow (DCF) valuation model to determine the single point valuation figure. However the valuation will be affected by uncertainties in the comparable data available, the current and future market conditions and in the specific inputs for the subject property. Discusses the ways in which uncertainty can be incorporated into the DCF model. The outcome of introducing uncertainty in the inputs produces a range of different answers. The central tendency of this distribution is very close to the single point estimate of the static model, yet the user of the technique now benefits from an understanding of the upside and downside risk pertaining to this single point estimate. [Taken from journal abstract] |
| 590 ## - LOCAL NOTE (RLIN) | |
| Local note | ABS |
| 650 ## - SUBJECT ADDED ENTRY--TOPICAL TERM | |
| Topical term or geographic name entry element | UNCERTAINTY |
| 650 ## - SUBJECT ADDED ENTRY--TOPICAL TERM | |
| Topical term or geographic name entry element | DISCOUNTED CASH FLOW |
| 650 ## - SUBJECT ADDED ENTRY--TOPICAL TERM | |
| Topical term or geographic name entry element | ASSET VALUATION |
| 690 ## - LOCAL SUBJECT ADDED ENTRY--TOPICAL TERM (OCLC, RLIN) | |
| Topical term or geographic name as entry element | PROPERTY-PROPERTY APPRAISAL AND VALUATION |
| 942 ## - ADDED ENTRY ELEMENTS (KOHA) | |
| Suppress in OPAC | 0 |
| Withdrawn status | Lost status | Source of classification or shelving scheme | Damaged status | Not for loan | Home library | Current library | Shelving location | Date acquired | Total Checkouts | Full call number | Barcode | Date last seen | Copy number | Price effective from | Koha item type |
|---|---|---|---|---|---|---|---|---|---|---|---|---|---|---|---|
| Dewey Decimal Classification | London | London | Journal article | 18/02/2005 | ABS68784 | 128844-1001 | 06/08/2019 | 1 | 06/08/2019 | Journal article |